[Event "17. European Women's Championship 2016"]
[Site "Mamaia ROU"]
[Date "2016.06.05"]
[Round "9.19"]
[White "Ziaziulkina, Nastassia"]
[Black "Mamedjarova, Turkan"]
[Result "1/2-1/2"]
[WhiteElo "2396"]
[BlackElo "2257"]
[PlyCount "87"]
[EventDate "2016.05.27"]
[EventType "swiss"]
[EventRounds "11"]
[EventCountry "ROU"]
[Source "lmi"]
[SourceDate "2016.05.26"]

1. e4 e5 2. Nf3 Nc6 3. Bb5 Nd4 4. Nxd4 exd4 5. O-O Bc5 6. d3 c6 7. Bc4 d5 8.
exd5 cxd5 9. Bb5+ Bd7 10. Bxd7+ Qxd7 11. Nd2 Ne7 12. Nb3 Bb6 13. Bg5 O-O 14.
Bxe7 Qxe7 15. Qf3 Qd6 16. Rfe1 Rae8 17. Re2 a5 18. Rae1 Rxe2 19. Rxe2 a4 20.
Nd2 Qb4 21. Qxd5 Qxb2 22. Nf1 Bd8 23. g4 h6 24. Ng3 Bc7 25. Nh5 a3 26. Kg2 Rd8
27. Qc4 Bd6 28. Re4 Bb8 29. Re7 Rf8 30. Rd7 b5 31. Qd5 Qxc2 32. Qxd4 Qb2 33.
Qd5 g6 34. Ng3 Bxg3 35. hxg3 b4 36. Rb7 Qc3 37. d4 Kg7 38. Qe5+ Kg8 39. Qd5 Kg7
40. Ra7 Kg8 41. Ra6 Kg7 42. Rc6 Qb2 43. Rb6 Qc3 44. Rb7 1/2-1/2

[Event "17. European Women's Championship 2016"]
[Site "Mamaia ROU"]
[Date "2016.06.05"]
[Round "9.20"]
[White "Cosma, Elena-Luminita"]
[Black "Houska, Jovanka"]
[Result "0-1"]
[WhiteElo "2333"]
[BlackElo "2383"]
[PlyCount "156"]
[EventDate "2016.05.27"]
[EventType "swiss"]
[EventRounds "11"]
[EventCountry "ROU"]
[Source "lmi"]
[SourceDate "2016.05.26"]

1. d4 d5 2. Nf3 Nf6 3. c4 e6 4. g3 Bb4+ 5. Nbd2 dxc4 6. a3 Bxd2+ 7. Bxd2 a6 8.
Bg2 O-O 9. O-O b5 10. Ne5 Nd5 11. e4 Ne7 12. Bb4 Bb7 13. Qg4 Nd7 14. Nxd7 Qxd7
15. d5 Rfe8 16. Bc3 Ng6 17. h4 Qd6 18. f4 exd5 19. exd5 f6 20. Kh2 Rad8 21.
Rad1 Ne7 22. Bb4 Qd7 23. Qxd7 Rxd7 24. Rfe1 Kf7 25. d6 cxd6 26. Bxb7 Rxb7 27.
Rxd6 Nf5 28. Rxe8 Nxd6 29. Ra8 Ne4 30. f5 g6 31. fxg6+ Kxg6 32. Kg2 Kf5 33. Kf3
Rg7 34. Be1 Nc5 35. Bf2 Nd3 36. Rxa6 Nxf2 37. Kxf2 Rd7 38. a4 Rd2+ 39. Ke3 Rd3+
40. Kf2 Rb3 41. Ra5 Rxb2+ 42. Kf3 Rb3+ 43. Kf2 Kg4 44. Rxb5 Rf3+ 45. Ke2 Rxg3
46. Rb7 Ra3 47. Rxh7 Rxa4 48. h5 Kf4 49. Rf7 f5 50. h6 Ra2+ 51. Kf1 Ke4 52. h7
Rh2 53. Rc7 Kd3 54. Kg1 Rh4 55. Kf2 f4 56. Kf3 c3 57. Rd7+ Kc2 58. Rc7 Kb2 59.
Ke4 c2 60. Rb7+ Kc3 61. Rc7+ Kd2 62. Rd7+ Ke2 63. Rc7 f3+ 64. Kf5 Kd2 65. Rd7+
Ke1 66. Re7+ Kf1 67. Rc7 Rxh7 68. Rxh7 f2 69. Rc7 Ke1 70. Rxc2 f1=Q+ 71. Ke4
Kd1 72. Rc3 Kd2 73. Rf3 Qh1 74. Kf4 Ke2 75. Re3+ Kf2 76. Re4 Qh5 77. Re6 Qf7+
78. Ke5 Ke3 0-1

[Event "17. European Women's Championship 2016"]
[Site "Mamaia ROU"]
[Date "2016.06.05"]
[Round "9.21"]
[White "Mammadova, Gulnar"]
[Black "Zimina, Olga"]
[Result "0-1"]
[WhiteElo "2319"]
[BlackElo "2361"]
[PlyCount "94"]
[EventDate "2016.05.27"]
[EventType "swiss"]
[EventRounds "11"]
[EventCountry "ROU"]
[Source "lmi"]
[SourceDate "2016.05.26"]

1. e4 e5 2. Nf3 Nc6 3. Bb5 a6 4. Ba4 Nf6 5. d3 d6 6. c4 g6 7. Nc3 Bg7 8. h3 O-O
9. Be3 Nh5 10. Qd2 Nd4 11. Bd1 Ne6 12. Nd5 b5 13. Rc1 Bb7 14. Nh2 Nhf4 15. O-O
c6 16. Nxf4 exf4 17. Bxf4 Nxf4 18. Qxf4 Bxb2 19. Rb1 Be5 20. Qe3 c5 21. Nf3 Bg7
22. cxb5 axb5 23. Rxb5 Bc6 24. Rb1 Rxa2 25. Bb3 Ra3 26. Bc4 h6 27. h4 Kh8 28.
Rfe1 Rc3 29. Qf4 d5 30. exd5 Bxd5 31. Ne5 Kg8 32. Rb5 Bxc4 33. dxc4 Qd4 34. Re4
Qd1+ 35. Kh2 Qd6 36. Nf3 Qc6 37. Re7 Qf6 38. Qxf6 Bxf6 39. Rc7 Rxf3 40. gxf3
Be5+ 41. Kg2 Bxc7 42. Rxc5 Bf4 43. h5 g5 44. Kh3 Kg7 45. Rd5 Rc8 46. Rd4 Kf6
47. Kg4 Be5 0-1

[Event "17. European Women's Championship 2016"]
[Site "Mamaia ROU"]
[Date "2016.06.05"]
[Round "9.22"]
[White "Bulmaga, Irina"]
[Black "Ovod, Evgenija"]
[Result "1/2-1/2"]
[WhiteElo "2360"]
[BlackElo "2329"]
[PlyCount "120"]
[EventDate "2016.05.27"]
[EventType "swiss"]
[EventRounds "11"]
[EventCountry "ROU"]
[Source "lmi"]
[SourceDate "2016.05.26"]

1. e4 e6 2. d4 d5 3. Nc3 Nc6 4. Nf3 Nf6 5. e5 Ne4 6. Bd3 Bb4 7. Bd2 Nxd2 8.
Qxd2 f6 9. a3 Bxc3 10. bxc3 fxe5 11. dxe5 Bd7 12. Rb1 b6 13. c4 dxc4 14. Bxc4
Qe7 15. Qe3 Na5 16. Bd3 Bc6 17. O-O O-O-O 18. Rb4 Bxf3 19. Qxf3 Kb8 20. Rb5
Qxa3 21. Qf7 Nc6 22. Qxg7 Rhg8 23. Qh6 Nd4 24. Rbb1 Nxc2 25. Bxh7 Rh8 26. Qg6
Nd4 27. Qe4 Qe7 28. Bg6 Qg5 29. Rfd1 Rh4 30. Qd3 Qxe5 31. g3 Ne2+ 32. Qxe2 Qxe2
33. Rxd8+ Kb7 34. Bd3 Qg4 35. Bf1 Rh7 36. Bg2+ c6 37. Rc1 Kc7 38. Ra8 Kd6 39.
Rxc6+ Ke5 40. f4+ Kf6 41. Rf8+ Ke7 42. Rcc8 Qd1+ 43. Kf2 Qd2+ 44. Kf1 Rf7 45.
Rce8+ Kf6 46. Rh8 Qd1+ 47. Kf2 Qd2+ 48. Kf1 Qd1+ 49. Kf2 Qd2+ 50. Kf1 Qd3+ 51.
Kf2 Qd4+ 52. Ke2 a5 53. Bh3 Qe4+ 54. Kf2 Qd4+ 55. Ke2 Qc4+ 56. Kf2 Qc2+ 57. Kf3
Qd3+ 58. Kf2 Qd2+ 59. Kf3 Qd1+ 60. Kf2 Qd2+ 1/2-1/2

[Event "17. European Women's Championship 2016"]
[Site "Mamaia ROU"]
[Date "2016.06.05"]
[Round "9.23"]
[White "Gara, Ticia"]
[Black "Pustovoitova, Daria"]
[Result "1-0"]
[WhiteElo "2352"]
[BlackElo "2304"]
[PlyCount "79"]
[EventDate "2016.05.27"]
[EventType "swiss"]
[EventRounds "11"]
[EventCountry "ROU"]
[Source "lmi"]
[SourceDate "2016.05.26"]

1. e4 c5 2. Nf3 d6 3. c3 Nf6 4. Be2 Nc6 5. d4 cxd4 6. cxd4 Bg4 7. Nc3 g6 8. d5
Bxf3 9. Bxf3 Ne5 10. Be2 Bg7 11. O-O O-O 12. Be3 a6 13. Qb3 b5 14. a4 b4 15.
Qxb4 Rb8 16. Qa3 Qa5 17. Rab1 Rb4 18. Bxa6 Rfb8 19. Bb5 Nc4 20. Bxc4 Rxc4 21.
Bd2 Nd7 22. b4 Qb6 23. a5 Qd4 24. Rfd1 Rcxb4 25. Rxb4 Qxb4 26. Qxb4 Rxb4 27. a6
Bd4 28. Kf1 Rb3 29. Ne2 Ba7 30. Ra1 e5 31. Be3 Nc5 32. Ke1 Kf8 33. Bxc5 dxc5
34. Nc1 Rb4 35. f3 Rb2 36. Ra2 Rb1 37. Kd2 Ke7 38. Kc2 Rb6 39. Nb3 Kd6 40. Na5
1-0

[Event "17. European Women's Championship 2016"]
[Site "Mamaia ROU"]
[Date "2016.06.05"]
[Round "9.24"]
[White "Hoolt, Sarah"]
[Black "Papp, Petra"]
[Result "1-0"]
[WhiteElo "2312"]
[BlackElo "2342"]
[PlyCount "113"]
[EventDate "2016.05.27"]
[EventType "swiss"]
[EventRounds "11"]
[EventCountry "ROU"]
[Source "lmi"]
[SourceDate "2016.05.26"]

1. e4 c5 2. d3 Nc6 3. g3 g6 4. Bg2 Bg7 5. f4 d6 6. Nf3 e6 7. c3 Nge7 8. O-O O-O
9. Be3 b6 10. Na3 Ba6 11. Bf2 Rc8 12. Nc2 Qd7 13. Re1 Qc7 14. Ne3 b5 15. a3 Bb7
16. Qd2 a5 17. a4 b4 18. g4 Rcd8 19. Nf1 bxc3 20. bxc3 Ba6 21. Ng3 Rb8 22. f5
Rb3 23. Rac1 Qd7 24. Be3 Rfb8 25. Rc2 Rb1 26. Bh6 Bh8 27. Bf1 Rxe1 28. Qxe1 Ne5
29. Nxe5 dxe5 30. Qe3 Qxa4 31. Rf2 Qd7 32. f6 Nc6 33. Qxc5 a4 34. Bc1 Rc8 35.
Qe3 Qa7 36. g5 Qxe3 37. Bxe3 Ra8 38. Ra2 Bc8 39. Bc5 h6 40. h4 Nb8 41. Nh1 Nd7
42. Be7 Bb7 43. Nf2 h5 44. Be2 Bc6 45. Bd1 Ra7 46. Bc2 Nf8 47. Nd1 Nh7 48. Nb2
Rb7 49. Nc4 Be8 50. Bxa4 Bxa4 51. Rxa4 Bg7 52. Nxe5 Bf8 53. Ra8 Rc7 54. c4 Rb7
55. c5 Rb2 56. Bxf8 Nxf8 57. Nd7 1-0

[Event "17. European Women's Championship 2016"]
[Site "Mamaia ROU"]
[Date "2016.06.05"]
[Round "9.25"]
[White "Lomineishvili, Maia"]
[Black "Rakhmangulova, Anastasiya"]
[Result "1-0"]
[WhiteElo "2367"]
[BlackElo "2245"]
[PlyCount "123"]
[EventDate "2016.05.27"]
[EventType "swiss"]
[EventRounds "11"]
[EventCountry "ROU"]
[Source "lmi"]
[SourceDate "2016.05.26"]

1. d4 Nf6 2. Nf3 c5 3. d5 d6 4. Nc3 g6 5. e4 Bg7 6. Be2 O-O 7. O-O Na6 8. h3
Nc7 9. a4 b6 10. Bf4 Bb7 11. Bc4 a6 12. Re1 Nh5 13. Bh2 b5 14. axb5 axb5 15.
Nxb5 Nxb5 16. Bxb5 Bxb2 17. Rxa8 Qxa8 18. g4 Nf6 19. c4 Ba6 20. Bxa6 Qxa6 21.
Qb3 Qa3 22. Qxa3 Bxa3 23. e5 Ne8 24. Ra1 Bb2 25. Ra7 f5 26. g5 f4 27. e6 Ng7
28. Rxe7 Nf5 29. Rd7 Be5 30. Nxe5 dxe5 31. e7 Re8 32. Rd8 Kf7 33. d6 Nxd6 34.
Rxd6 Kxe7 35. Rc6 Ra8 36. Kg2 Ra4 37. Rxc5 Kd6 38. Rc8 Kd7 39. Rh8 Rxc4 40. Kf3
Rc3+ 41. Kg4 Rc2 42. Bxf4 Rc4 43. Rxh7+ Ke6 44. Rg7 Rxf4+ 45. Kg3 Kf5 46. h4
Rg4+ 47. Kh3 Rg1 48. Rf7+ Ke4 49. Rf6 Rh1+ 50. Kg3 Rg1+ 51. Kh2 Ra1 52. Kg2 Ra4
53. Rxg6 Kf5 54. Rf6+ Kg4 55. Rh6 Ra8 56. g6 Kf5 57. h5 Ra4 58. Rh7 Rg4+ 59.
Kf3 Rf4+ 60. Ke2 Re4+ 61. Kf1 Rg4 62. g7 1-0

[Event "17. European Women's Championship 2016"]
[Site "Mamaia ROU"]
[Date "2016.06.05"]
[Round "9.26"]
[White "Mirzoeva, Elmira"]
[Black "Osmanodja, Filiz"]
[Result "0-1"]
[WhiteElo "2344"]
[BlackElo "2296"]
[PlyCount "94"]
[EventDate "2016.05.27"]
[EventType "swiss"]
[EventRounds "11"]
[EventCountry "ROU"]
[Source "lmi"]
[SourceDate "2016.05.26"]

1. d4 Nf6 2. c4 e6 3. Nf3 Bb4+ 4. Nbd2 b6 5. a3 Bxd2+ 6. Qxd2 Bb7 7. e3 O-O 8.
Be2 d6 9. O-O Nbd7 10. b4 Ne4 11. Qc2 f5 12. d5 e5 13. Nd2 Nxd2 14. Bxd2 c6 15.
dxc6 Bxc6 16. f3 Qh4 17. Rad1 Rac8 18. Qb3 Kh8 19. Be1 Qh6 20. Bf2 Rf6 21. Rd2
Rg6 22. Rfd1 Qg5 23. g3 Qe7 24. a4 a5 25. c5 bxc5 26. bxa5 Rb8 27. Qc2 e4 28.
f4 d5 29. Rxd5 Bxd5 30. Rxd5 Rd6 31. Rxf5 g6 32. Qc3+ Qg7 33. Rxc5 Nxc5 34.
Qxc5 Qa1+ 35. Kg2 Rd2 36. Bb5 Qb2 37. Qe5+ Qxe5 38. fxe5 Rf8 39. e6 Rfxf2+ 40.
Kg1 Rg2+ 41. Kh1 Rxh2+ 42. Kg1 Rdg2+ 43. Kf1 Ra2 44. Kg1 Rhg2+ 45. Kh1 Rgb2 46.
Kg1 Rb1+ 47. Bf1 Kg7 0-1

[Event "17. European Women's Championship 2016"]
[Site "Mamaia ROU"]
[Date "2016.06.05"]
[Round "9.27"]
[White "Babiy, Olga"]
[Black "Drozdova, Dina"]
[Result "1/2-1/2"]
[WhiteElo "2337"]
[BlackElo "2235"]
[PlyCount "150"]
[EventDate "2016.05.27"]
[EventType "swiss"]
[EventRounds "11"]
[EventCountry "ROU"]
[Source "lmi"]
[SourceDate "2016.05.26"]

1. e4 d6 2. d4 Nf6 3. Nc3 e5 4. Nf3 Nbd7 5. Bc4 Be7 6. O-O O-O 7. a4 c6 8. h3
Nxe4 9. Nxe4 d5 10. Ned2 e4 11. Nh2 dxc4 12. Nxe4 Nf6 13. Nxf6+ Bxf6 14. c3 Re8
15. Re1 Bf5 16. Bf4 Rxe1+ 17. Qxe1 Qd7 18. Qe2 Bd3 19. Qf3 Bf5 20. Nf1 Be6 21.
Ne3 Re8 22. Qg3 Be7 23. h4 h5 24. Be5 f6 25. Bf4 Kf7 26. a5 Bd5 27. f3 c5 28.
Qf2 cxd4 29. cxd4 Rc8 30. Qc2 g6 31. Kf2 Kg7 32. Rd1 Bb4 33. g4 hxg4 34. h5 Bf7
35. Nxg4 Be7 36. d5 Qf5 37. h6+ Kh7 38. Qxf5 gxf5 39. d6 fxg4 40. dxe7 Re8 41.
Rd7 gxf3 42. Rxb7 a6 43. Ra7 Bd5 44. Be3 Kg6 45. Bc5 Kxh6 46. Rxa6 Kg6 47. Rd6
Ba8 48. Rd4 Kf7 49. Rxc4 Rg8 50. Rb4 Rg2+ 51. Kf1 Bd5 52. b3 Rb2 53. Rf4 Bc6
54. a6 Bb5+ 55. Ke1 f2+ 56. Rxf2 Rxf2 57. Kxf2 Bxa6 58. Ke3 Bb5 59. Kd4 Ke6 60.
Ke4 Bc6+ 61. Kf4 Bb5 62. Kg4 Bc6 63. Kh5 Kf7 64. Kg4 Ke6 65. Kf4 Bb5 66. Ke4
Bc6+ 67. Kd4 Bb5 68. Ba3 Bd7 69. Kc4 Be8 70. Bc5 f5 71. Kd4 Bc6 72. Ba3 f4 73.
Kc5 Be8 74. Kd4 f3 75. Ke3 Bc6 1/2-1/2

[Event "17. European Women's Championship 2016"]
[Site "Mamaia ROU"]
[Date "2016.06.05"]
[Round "9.28"]
[White "Mamedjarova, Zeinab"]
[Black "Kiolbasa, Oliwia"]
[Result "1/2-1/2"]
[WhiteElo "2236"]
[BlackElo "2319"]
[PlyCount "136"]
[EventDate "2016.05.27"]
[EventType "swiss"]
[EventRounds "11"]
[EventCountry "ROU"]
[Source "lmi"]
[SourceDate "2016.05.26"]

1. d4 Nf6 2. Bf4 d5 3. e3 c5 4. c3 Nc6 5. Nf3 Qb6 6. Qc1 Bf5 7. Be2 h6 8. h3 e6
9. Nbd2 Rc8 10. O-O Be7 11. Bh2 O-O 12. a4 c4 13. Bd1 Na5 14. Bc2 Rfe8 15. Qb1
Bxc2 16. Qxc2 Bd6 17. Rae1 Bxh2+ 18. Kxh2 Nb3 19. Nxb3 cxb3 20. Qe2 Ne4 21. Ne5
Qc7 22. Kg1 Red8 23. Ra1 f6 24. Nd3 Qc4 25. Qd1 Rd6 26. f3 Ng3 27. Re1 Re8 28.
Nc5 b6 29. Nxb3 e5 30. Qc2 e4 31. Kh2 Nf5 32. fxe4 dxe4 33. Kg1 Rde6 34. a5 Qc7
35. axb6 axb6 36. c4 Nh4 37. Kh1 Rc6 38. Qf2 Ng6 39. c5 bxc5 40. Nxc5 Ne5 41.
dxe5 Rxc5 42. exf6 Rf8 43. Qh4 Rxf6 44. Qxe4 Rf8 45. b4 Rc4 46. Qd5+ Kh8 47.
Rab1 Rd8 48. Qf5 Qb6 49. b5 Rc5 50. Qf1 Rb8 51. e4 Rxb5 52. Rbd1 Re5 53. Qf7
Qe6 54. Qxe6 Rxe6 55. Rd4 Rbe8 56. Kh2 Kh7 57. Kg3 Kg6 58. Kf4 Rf8+ 59. Ke3 Ra8
60. Red1 Ra3+ 61. R1d3 Raa6 62. Rc3 Ra2 63. g3 Ra1 64. Rdc4 Re1+ 65. Kd3 Rd6+
66. Kc2 Re6 67. Kd3 Rd6+ 68. Kc2 Re6 1/2-1/2

[Event "17. European Women's Championship 2016"]
[Site "Mamaia ROU"]
[Date "2016.06.05"]
[Round "9.31"]
[White "Isgandarova, Khayala"]
[Black "Rudolf, Anna"]
[Result "1-0"]
[WhiteElo "2193"]
[BlackElo "2301"]
[PlyCount "51"]
[EventDate "2016.05.27"]
[EventType "swiss"]
[EventRounds "11"]
[EventCountry "ROU"]
[Source "lmi"]
[SourceDate "2016.05.26"]

1. e4 e5 2. Nf3 Nc6 3. Bb5 a6 4. Ba4 Nf6 5. d3 b5 6. Bb3 Bc5 7. O-O d6 8. c3
Bb6 9. Nbd2 O-O 10. h3 Ne7 11. Re1 Ng6 12. Nf1 Be6 13. Bc2 h6 14. d4 c5 15. Ng3
Rc8 16. Nf5 exd4 17. cxd4 d5 18. exd5 Qxd5 19. Re5 Qd8 20. Nxh6+ gxh6 21. Bxg6
fxg6 22. Rxe6 Kf7 23. Qe2 Re8 24. Bxh6 Qd5 25. Re1 cxd4 26. Ng5+ 1-0

[Event "17. European Women's Championship 2016"]
[Site "Mamaia ROU"]
[Date "2016.06.05"]
[Round "9.32"]
[White "Ionescu, Irina"]
[Black "Fataliyeva, Ulviyya"]
[Result "1-0"]
[WhiteElo "2181"]
[BlackElo "2301"]
[PlyCount "93"]
[EventDate "2016.05.27"]
[EventType "swiss"]
[EventRounds "11"]
[EventCountry "ROU"]
[Source "lmi"]
[SourceDate "2016.05.26"]

1. d4 e6 2. c4 Nf6 3. Nf3 d5 4. Nc3 Bb4 5. Qa4+ Nc6 6. e3 O-O 7. Bd2 a6 8. Qc2
Be7 9. a3 Re8 10. Bd3 h6 11. O-O Bd6 12. b4 dxc4 13. Bxc4 e5 14. Qb3 Rf8 15. d5
e4 16. Nxe4 Nxe4 17. dxc6 Bg4 18. cxb7 Rb8 19. Rfd1 Qf6 20. Be1 Bxf3 21. gxf3
Qxf3 22. Bf1 Ng5 23. Bg2 Qh5 24. Rxd6 cxd6 25. Qd5 Rfe8 26. Rc1 Qg6 27. h4 Ne6
28. Kf1 Nd8 29. Rc8 Nxb7 30. Rxe8+ Rxe8 31. Qxb7 Qd3+ 32. Kg1 Qd1 33. Kf1 Qd3+
34. Kg1 Qd1 35. Bd5 Qxe1+ 36. Kg2 Rf8 37. Qxa6 Qc3 38. b5 Qc5 39. Bf3 Qc4 40.
h5 Rc8 41. a4 Rc5 42. Qa8+ Kh7 43. Qe4+ f5 44. Qxc4 Rxc4 45. a5 Ra4 46. a6 Ra5
47. Be2 1-0

[Event "17. European Women's Championship 2016"]
[Site "Mamaia ROU"]
[Date "2016.06.05"]
[Round "9.33"]
[White "Narva, Mai"]
[Black "Hojjatova, Aydan"]
[Result "0-1"]
[WhiteElo "2121"]
[BlackElo "2300"]
[PlyCount "64"]
[EventDate "2016.05.27"]
[EventType "swiss"]
[EventRounds "11"]
[EventCountry "ROU"]
[Source "lmi"]
[SourceDate "2016.05.26"]

1. e4 e6 2. d4 d5 3. Nd2 c5 4. Ngf3 cxd4 5. exd5 Qxd5 6. Bc4 Qd6 7. O-O Nf6 8.
Nb3 Nc6 9. Nbxd4 Nxd4 10. Nxd4 a6 11. Re1 Qc7 12. Qe2 h6 13. c3 Bd6 14. h3 O-O
15. Bd3 Re8 16. Qf3 e5 17. Nc2 Bd7 18. Be4 Nxe4 19. Qxe4 f5 20. Qh4 f4 21. Bd2
Bf5 22. Nb4 Qf7 23. g4 Bg6 24. g5 a5 25. gxh6 axb4 26. hxg7 Kxg7 27. cxb4 Rh8
28. Qg4 Rh5 29. Bc3 Kh7 30. Qe2 Rg8 31. Kf1 f3 32. Qb5 Rxh3 0-1

[Event "17. European Women's Championship 2016"]
[Site "Mamaia ROU"]
[Date "2016.06.05"]
[Round "9.34"]
[White "Kazimova, Narmin"]
[Black "Mikadze, Miranda"]
[Result "1-0"]
[WhiteElo "2364"]
[BlackElo "2233"]
[PlyCount "72"]
[EventDate "2016.05.27"]
[EventType "swiss"]
[EventRounds "11"]
[EventCountry "ROU"]
[Source "lmi"]
[SourceDate "2016.05.26"]

1. Nf3 c5 2. c4 g6 3. d4 cxd4 4. Nxd4 Bg7 5. e4 Nc6 6. Be3 d6 7. Nc3 Nf6 8. Be2
O-O 9. O-O Bd7 10. f3 a6 11. Qd2 Rc8 12. Rfd1 Re8 13. Nxc6 Bxc6 14. b4 Qc7 15.
Rac1 Qb8 16. a4 Bd7 17. a5 Be6 18. Na4 Nd7 19. Qe1 f5 20. exf5 Bxf5 21. Qf2 Ne5
22. Nb6 Rcd8 23. b5 Nd7 24. Nxd7 Rxd7 25. c5 dxc5 26. Rxd7 Bxd7 27. bxa6 bxa6
28. Bxa6 Be6 29. Bxc5 Qc7 30. Qe1 Bd5 31. Bf2 Qf4 32. Rd1 Bb3 33. Rd7 Qa4 34.
Rb7 Bd5 35. Bb5 Qb4 36. Qxb4 Be6 1-0

[Event "17. European Women's Championship 2016"]
[Site "Mamaia ROU"]
[Date "2016.06.05"]
[Round "9.35"]
[White "Mammadzada, Gunay"]
[Black "Gevorgyan, Maria"]
[Result "1-0"]
[WhiteElo "2318"]
[BlackElo "2257"]
[PlyCount "69"]
[EventDate "2016.05.27"]
[EventType "swiss"]
[EventRounds "11"]
[EventCountry "ROU"]
[Source "lmi"]
[SourceDate "2016.05.26"]

1. e4 e5 2. Nf3 Nf6 3. Nxe5 d6 4. Nf3 Nxe4 5. d4 d5 6. Bd3 Nc6 7. O-O Be7 8.
Nbd2 f5 9. c3 O-O 10. Re1 Kh8 11. Nf1 Bd6 12. Qb3 Ne7 13. Ng3 c6 14. c4 Bc7 15.
cxd5 cxd5 16. Ne2 Ng6 17. Nc3 Nh4 18. Ne5 Nxc3 19. bxc3 f4 20. Bf1 Bh3 21. gxh3
Bxe5 22. Rxe5 Nf3+ 23. Kh1 Qh4 24. Qc2 Rf6 25. Qe2 Nxe5 26. dxe5 Rg6 27. Qf3
Qg5 28. Bg2 Rf8 29. Ba3 Rc8 30. Qxd5 Rxc3 31. Rd1 Rc8 32. e6 Qf6 33. e7 Re8 34.
Qd7 Qf7 35. Bd5 1-0

[Event "17. European Women's Championship 2016"]
[Site "Mamaia ROU"]
[Date "2016.06.05"]
[Round "9.36"]
[White "Galojan, Lilit"]
[Black "Manakova, Maria"]
[Result "0-1"]
[WhiteElo "2296"]
[BlackElo "2254"]
[PlyCount "144"]
[EventDate "2016.05.27"]
[EventType "swiss"]
[EventRounds "11"]
[EventCountry "ROU"]
[Source "lmi"]
[SourceDate "2016.05.26"]

1. c4 e5 2. Nc3 d6 3. g3 f5 4. d4 exd4 5. Qxd4 Nc6 6. Qe3+ Be7 7. Nd5 Ne5 8.
Nf3 Nxf3+ 9. exf3 c6 10. Nxe7 Nxe7 11. Qc3 O-O 12. f4 Be6 13. b3 b5 14. Bd3
bxc4 15. bxc4 c5 16. O-O Nc6 17. Be3 Rb8 18. Rfd1 Qa5 19. Qxa5 Nxa5 20. Rac1
Rb2 21. Bf1 Rb6 22. Bd2 Nc6 23. Bc3 Rd8 24. Rb1 Kf7 25. a4 Rxb1 26. Rxb1 Rb8
27. Rb5 a6 28. Rxb8 Nxb8 29. a5 g6 30. Kg2 d5 31. cxd5 Bxd5+ 32. f3 c4 33. Kf2
Nc6 34. Be2 Na7 35. Ke3 Ke6 36. Bb4 Nc6 37. Ba3 Kd7 38. Bd1 Nxa5 39. Kd4 Ke6
40. g4 Nc6+ 41. Kc5 Na7 42. Ba4 Bxf3 43. g5 Be2 44. Bb2 Nc8 45. Be5 Ne7 46. Bc3
Bd3 47. Bf6 Ng8 48. Bc3 Ne7 49. Be5 Be4 50. Kxc4 Bc6 51. Bd1 Bd5+ 52. Kc5 Ba2
53. h4 Nd5 54. Be2 a5 55. Bf3 Nb4 56. Be2 Bd5 57. h5 gxh5 58. Bxh5 Nd3+ 59. Kd4
Nxe5 60. fxe5 a4 61. g6 hxg6 62. Bxg6 f4 63. Bh7 Bb3 64. Bd3 a3 65. Kc3 a2 66.
Kb2 f3 67. Be4 f2 68. Bg2 Kxe5 69. Bf1 Kd4 70. Bg2 Bc4 71. Bh3 Ke3 72. Ka1 Kf4
0-1

[Event "17. European Women's Championship 2016"]
[Site "Mamaia ROU"]
[Date "2016.06.05"]
[Round "9.37"]
[White "Belenkaya, Dina"]
[Black "Movileanu, Daniela"]
[Result "1-0"]
[WhiteElo "2289"]
[BlackElo "2247"]
[PlyCount "149"]
[EventDate "2016.05.27"]
[EventType "swiss"]
[EventRounds "11"]
[EventCountry "ROU"]
[Source "lmi"]
[SourceDate "2016.05.26"]

1. e4 c5 2. Nf3 d6 3. Bb5+ Nd7 4. O-O a6 5. Bd3 Ngf6 6. Re1 e5 7. c3 b5 8. Bc2
Bb7 9. d4 Be7 10. Nbd2 O-O 11. d5 Qc7 12. b3 c4 13. Bb2 Rfc8 14. b4 a5 15. a3
Nb6 16. Nb1 axb4 17. cxb4 c3 18. Bxc3 Nc4 19. Qc1 Qb6 20. Nfd2 Ng4 21. Re2 f5
22. Nxc4 Rxc4 23. Bd3 Rc7 24. Qd2 f4 25. h3 Nf6 26. Re1 Bc8 27. Qe2 Bd7 28. Ra2
Rf8 29. Rc2 f3 30. Qe3 Qb8 31. Qxf3 Nxd5 32. Qg3 Nf4 33. Bf1 Rf6 34. Kh2 Rg6
35. Qf3 Rc8 36. Qd1 Qc7 37. Re3 Ne6 38. Rd3 Qb7 39. Nd2 Qa7 40. Nb1 Qc7 41. Rb2
Bc6 42. f3 Nf4 43. Qb3+ Kh8 44. Rd1 Bh4 45. Be1 Bxe1 46. Rxe1 Ne6 47. Qe3 Bd7
48. Rb3 Qc2 49. Rc3 Rxc3 50. Nxc3 Nf4 51. Ne2 Nd3 52. Ra1 Be6 53. f4 exf4 54.
Nxf4 Nxf4 55. Qxf4 Rf6 56. Qxd6 Qxe4 57. Qb8+ Bg8 58. Rd1 g6 59. Rd8 Qe6 60.
Bxb5 Kg7 61. Qc7+ Bf7 62. Rd7 Kh6 63. Qc1+ g5 64. Qc7 Bg6 65. Bd3 Bf7 66. Re7
Qa2 67. Be4 g4 68. Qg3 Kg7 69. Qxg4+ Kf8 70. Ra7 Qf2 71. Ra8+ Ke7 72. Qg3 Qb6
73. Qe5+ Re6 74. Qg5+ Kd6 75. Qd8+ 1-0

[Event "17. European Women's Championship 2016"]
[Site "Mamaia ROU"]
[Date "2016.06.05"]
[Round "9.38"]
[White "Hapala, Elisabeth"]
[Black "Buksa, Nataliya"]
[Result "0-1"]
[WhiteElo "2227"]
[BlackElo "2288"]
[PlyCount "132"]
[EventDate "2016.05.27"]
[EventType "swiss"]
[EventRounds "11"]
[EventCountry "ROU"]
[Source "lmi"]
[SourceDate "2016.05.26"]

1. e4 e5 2. Nf3 Nc6 3. Bb5 a6 4. Ba4 Nf6 5. O-O Be7 6. Re1 b5 7. Bb3 d6 8. c3
O-O 9. h3 Rb8 10. d4 exd4 11. cxd4 d5 12. e5 Ne4 13. Nbd2 Bf5 14. Nf1 Na5 15.
Bc2 c5 16. dxc5 Bxc5 17. Be3 Bb4 18. Re2 Bg6 19. N1d2 Nc6 20. a3 Be7 21. Nb3
Rc8 22. Rc1 Qd7 23. Bf4 Rfd8 24. Nbd4 Nxd4 25. Nxd4 Rc4 26. Bb3 Rxc1 27. Qxc1
Nc5 28. Bc2 Nd3 29. Bxd3 Bxd3 30. Re3 Rc8 31. Qd2 Bg6 32. Rc3 h6 33. Nf3 Rc5
34. Be3 Rc6 35. Qd4 Kh7 36. Rxc6 Qxc6 37. Qa7 Bd8 38. Qc5 Qxc5 39. Bxc5 Bc7 40.
Bd4 Bd3 41. Ne1 Bb1 42. f3 Kg6 43. g4 f6 44. exf6 gxf6 45. Ng2 Be5 46. Bxe5
fxe5 47. Kf2 Kf6 48. h4 d4 49. Ke2 a5 50. Ne1 Bh7 51. Nd3 Ke6 52. f4 e4 53. f5+
Kd6 54. Nf4 Bg8 55. Kd2 Bc4 56. Ne2 e3+ 57. Ke1 d3 58. Nc3 b4 59. axb4 axb4 60.
Ne4+ Kd5 61. Nd2 exd2+ 62. Kxd2 Ke5 63. Ke3 Kf6 64. Kd2 h5 65. gxh5 Kxf5 66. b3
Bb5 0-1

[Event "17. European Women's Championship 2016"]
[Site "Mamaia ROU"]
[Date "2016.06.05"]
[Round "9.39"]
[White "Sedina, Elena"]
[Black "Dragomirescu, Angela"]
[Result "0-1"]
[WhiteElo "2287"]
[BlackElo "2215"]
[PlyCount "128"]
[EventDate "2016.05.27"]
[EventType "swiss"]
[EventRounds "11"]
[EventCountry "ROU"]
[Source "lmi"]
[SourceDate "2016.05.26"]

1. e4 e5 2. Bc4 Nc6 3. Nf3 Bc5 4. O-O Nf6 5. d3 a6 6. Bb3 Ba7 7. Nbd2 O-O 8. h3
d6 9. c3 Be6 10. Re1 Bxb3 11. Qxb3 Qd7 12. Nf1 h6 13. Be3 Bxe3 14. Nxe3 Rfe8
15. Rad1 Na5 16. Qc2 Nc6 17. Qb3 Na5 18. Qc2 Nc6 19. c4 Nd4 20. Nxd4 exd4 21.
Nf5 c5 22. b4 Kh7 23. Rb1 g6 24. Ng3 Qc7 25. f4 Nd7 26. Qf2 b5 27. bxc5 dxc5
28. cxb5 axb5 29. Rxb5 Ra3 30. Rb3 Rea8 31. Rxa3 Rxa3 32. Rd1 Nf6 33. Nf1 Qa7
34. f5 Rxa2 35. fxg6+ Kg7 36. Rd2 Rxd2 37. Nxd2 fxg6 38. Nc4 Nh5 39. Qb2 Nf4
40. Qd2 Qa1+ 41. Kh2 Qf1 42. Ne5 Ne6 43. Nf3 Qb1 44. Qa5 Qb8+ 45. e5 Qc7 46.
Qa6 Qe7 47. Kg1 Ng5 48. Nxg5 hxg5 49. e6 Kf6 50. Qc6 Qxe6 51. Qxc5 Qe3+ 52. Kh1
Qxd3 53. Qd6+ Kf5 54. Qf8+ Ke4 55. Qe7+ Kf4 56. Qf6+ Ke3 57. Qxg5+ Ke2 58. Qg4+
Ke1 59. h4 Qe3 60. Qxg6 d3 61. Qd6 d2 62. Qb4 Kf2 63. Qg4 Qe1+ 64. Kh2 Qg1+ 0-1